Library of the University of Algiers 3
Ibrahim Sultan Cheibout
شعار جامعة الجزائر 3
مكتبة جامعة الجزائر 3
إبراهيم سلطان شيبوط

دور البنوك التجارية في استثمار اموال العملاء / (رقم التسجيلة. 45970)

تفاصيل مارك
000 -LEADER
fixed length control field 01512nam a2200229Ia 4500
003 - CONTROL NUMBER IDENTIFIER
control field Ost
005 - DATE AND TIME OF LATEST TRANSACTION
control field 20260507075725.0
008 - FIXED-LENGTH DATA ELEMENTS--GENERAL INFORMATION
fixed length control field 260507s9999||||xx |||||||||||||| ||und||
040 ## - CATALOGING SOURCE
Transcribing agency fsecg
041 ## - LANGUAGE CODE
Language code of text/sound track or separate title ara
082 ## - DEWEY DECIMAL CLASSIFICATION NUMBER
Classification number 332.12
100 ## - MAIN ENTRY--PERSONAL NAME
Personal name النصر، سعيد سيف
Relator term مؤلف
245 #0 - TITLE STATEMENT
Title دور البنوك التجارية في استثمار اموال العملاء /
Statement of responsibility, etc. سعيد سيف النصر
260 ## - PUBLICATION, DISTRIBUTION, ETC.
Place of publication, distribution, etc. الاسكندرية:
Name of publisher, distributor, etc. مؤسسة شباب الجامعة,
Date of publication, distribution, etc. 2004
300 ## - PHYSICAL DESCRIPTION
Extent 463 صفحة؛
Dimensions 24 سم
504 ## - BIBLIOGRAPHY, ETC. NOTE
Bibliography, etc. note بيبليوغرافيا ص. 426
520 ## - SUMMARY, ETC.
Summary, etc. في هذا الكتاب : وظيفة البنك التقليدية في استثمار أموال العملاء وسائل البنوك في تجميع ودائع العملاء ؛ سياسة البنوك في استثمار نقود الودائع الدور الجديد للبنوك التجارية كأمناء استثمار ادارة اموال العملاء والخدمات الاخرى المرتبطة بها ؛ادارة محافظ الاوراق المالية دور البنك كمستثمر لأموال العملاء من الوجهة القانونية الطبيعة القانونية لدور لدور البنك كمستثمر لأموال العملاء، مدى مؤولية البنك تجاه العملاء
653 ## - INDEX TERM--UNCONTROLLED
Uncontrolled term الاستثمار المصرفي
653 ## - INDEX TERM--UNCONTROLLED
Uncontrolled term الاوراق التجارية
653 ## - INDEX TERM--UNCONTROLLED
Uncontrolled term البنوك التجارية
942 ## - ADDED ENTRY ELEMENTS (KOHA)
Koha item type كتب
المقتنيات
Withdrawn status Lost status Source of classification or shelving scheme Damaged status Not for loan Home library Current library Date acquired Serial enumeration / chronology Inventory number Total checkouts Full call number Barcode Date last seen Price effective from Koha item type
    Library of Congress Classification   NOT LOAN / إعارة داخلية مكتبة كلية العلوم الإقتصادية والعلوم التجارية وعلوم التسيير مكتبة كلية العلوم الإقتصادية والعلوم التجارية وعلوم التسيير 07/05/2026 الطابق الأرضي 1108/1   أ/1108ن1 1108/1 07/05/2026 07/05/2026 كتب
    Dewey Decimal Classification   Available مكتبة كلية العلوم الإقتصادية والعلوم التجارية وعلوم التسيير مكتبة كلية العلوم الإقتصادية والعلوم التجارية وعلوم التسيير 07/05/2026 الطابق الأرضي 1108/2   أ/1108ن2 1108/2 07/05/2026 07/05/2026 كتب
    Dewey Decimal Classification   Available مكتبة كلية العلوم الإقتصادية والعلوم التجارية وعلوم التسيير مكتبة كلية العلوم الإقتصادية والعلوم التجارية وعلوم التسيير 07/05/2026 الطابق الأرضي 1108/3   أ/1108ن3 1108/3 07/05/2026 07/05/2026 كتب
    Dewey Decimal Classification   Available مكتبة كلية العلوم الإقتصادية والعلوم التجارية وعلوم التسيير مكتبة كلية العلوم الإقتصادية والعلوم التجارية وعلوم التسيير 07/05/2026 الطابق الأرضي 1108/4   أ/1108ن4 1108/4 07/05/2026 07/05/2026 كتب
    Dewey Decimal Classification   Available مكتبة كلية العلوم الإقتصادية والعلوم التجارية وعلوم التسيير مكتبة كلية العلوم الإقتصادية والعلوم التجارية وعلوم التسيير 07/05/2026 الطابق الثاني 1108/5   أ/1108ن5 1108/5 07/05/2026 07/05/2026 كتب
    Dewey Decimal Classification   Available مكتبة كلية العلوم الإقتصادية والعلوم التجارية وعلوم التسيير مكتبة كلية العلوم الإقتصادية والعلوم التجارية وعلوم التسيير 07/05/2026 الطابق الثاني 1108/6   أ/1108ن6 1108/6 07/05/2026 07/05/2026 كتب

موارد الويب المفتوحة


© University of Algiers 3 All Rights Reserved
|
Implemented by LECHELAH Riad